<?xml version="1.0" encoding="UTF-8"?>
<record
    xmlns:xsi="http://www.w3.org/2001/XMLSchema-instance"
    xsi:schemaLocation="http://www.loc.gov/MARC21/slim http://www.loc.gov/standards/marcxml/schema/MARC21slim.xsd"
    xmlns="http://www.loc.gov/MARC21/slim">

  <leader>00288nam a22001217a 4500</leader>
  <datafield tag="040" ind1=" " ind2=" ">
    <subfield code="c">SK</subfield>
  </datafield>
  <datafield tag="082" ind1=" " ind2=" ">
    <subfield code="a">351</subfield>
  </datafield>
  <datafield tag="100" ind1=" " ind2=" ">
    <subfield code="a">&#x1794;&#x17C9;&#x17C2;&#x1793; &#x179F;&#x17BB;&#x1781;&#x17B6;&#x179A;&#x17B8;</subfield>
  </datafield>
  <datafield tag="245" ind1=" " ind2=" ">
    <subfield code="a">&#x1780;&#x17B6;&#x179A;&#x1782;&#x17BC;&#x179A;&#x1795;&#x17C2;&#x1793;&#x1791;&#x17B8;&#x1796;&#x17D2;&#x179A;&#x17C3;&#x1788;&#x17BE;</subfield>
  </datafield>
  <datafield tag="260" ind1=" " ind2=" ">
    <subfield code="a">RUA</subfield>
    <subfield code="b">&#x1794;&#x17C9;&#x17C2;&#x1793;</subfield>
    <subfield code="c">NA</subfield>
  </datafield>
  <datafield tag="300" ind1=" " ind2=" ">
    <subfield code="a">35p.</subfield>
  </datafield>
  <datafield tag="942" ind1=" " ind2=" ">
    <subfield code="c">EK</subfield>
  </datafield>
  <datafield tag="999" ind1=" " ind2=" ">
    <subfield code="c">10195</subfield>
    <subfield code="d">10195</subfield>
  </datafield>
  <datafield tag="952" ind1=" " ind2=" ">
    <subfield code="0">0</subfield>
    <subfield code="1">0</subfield>
    <subfield code="4">0</subfield>
    <subfield code="6">351_000000000000000_&#x1794;&#x17C2;&#x1793;_NA_C197</subfield>
    <subfield code="7">0</subfield>
    <subfield code="9">52658</subfield>
    <subfield code="a">LBC</subfield>
    <subfield code="b">LBC</subfield>
    <subfield code="c">C197</subfield>
    <subfield code="d">2016-09-22</subfield>
    <subfield code="o">351 &#x1794;&#x17C9;&#x17C2;&#x1793; NA C197</subfield>
    <subfield code="p">RUA44244</subfield>
    <subfield code="r">2016-09-22</subfield>
    <subfield code="y">EK</subfield>
  </datafield>
  <datafield tag="952" ind1=" " ind2=" ">
    <subfield code="0">0</subfield>
    <subfield code="1">0</subfield>
    <subfield code="4">0</subfield>
    <subfield code="6">351_000000000000000_&#x1794;&#x17C2;&#x1793;_NA_C197</subfield>
    <subfield code="7">0</subfield>
    <subfield code="9">52659</subfield>
    <subfield code="a">LBC</subfield>
    <subfield code="b">LBC</subfield>
    <subfield code="c">C197</subfield>
    <subfield code="d">2016-09-22</subfield>
    <subfield code="o">351 &#x1794;&#x17C9;&#x17C2;&#x1793; NA C197</subfield>
    <subfield code="p">RUA043142</subfield>
    <subfield code="r">2016-09-22</subfield>
    <subfield code="y">EK</subfield>
  </datafield>
  <datafield tag="952" ind1=" " ind2=" ">
    <subfield code="0">0</subfield>
    <subfield code="1">0</subfield>
    <subfield code="4">0</subfield>
    <subfield code="6">351_000000000000000_&#x1794;&#x17C2;&#x1793;_NA_C197</subfield>
    <subfield code="7">0</subfield>
    <subfield code="9">52660</subfield>
    <subfield code="a">LBC</subfield>
    <subfield code="b">LBC</subfield>
    <subfield code="c">C197</subfield>
    <subfield code="d">2016-09-22</subfield>
    <subfield code="o">351 &#x1794;&#x17C9;&#x17C2;&#x1793; NA C197</subfield>
    <subfield code="p">RUA41962</subfield>
    <subfield code="r">2016-09-22</subfield>
    <subfield code="y">EK</subfield>
  </datafield>
</record>
